Célébrités de la même famille - Statistiques

Statistiques générales
  • Ce quiz a été pris 444 fois
  • Le résultat moyen est 47 sur 70
Statistiques - réponses
1ER 2E Lien de parenté du 1er au 2e % Correct
Alexandre LAMY Audrey LAMY Soeur
96%
Gims Dadju Frère
83%
Johnny HALLYDAY Laura SMET Père
83%
Benjamin CASTALDI Jean-Pierre CASTALDI Fils
82%
Elisabeth OLSEN Ashley OLSEN Soeur
82%
Emmanuelle SEIGNER Mathilde SEIGNER Soeur
82%
Anthony DELON Alain DELON Fils
81%
Andrée CHEDID Louis CHEDID Mère
81%
Catherine DENEUVE Chiara MASTROIANNI Mère
81%
Vanessa PARADIS Lily-Rose DEPP Mère
81%
Claude BRASSEUR Alexandre BRASSEUR Père
81%
Phil COLLINS Lily COLLINS Père
81%
Françoise LABORDE Catherine LABORDE Soeur
81%
Louis CHEDID Mathieu CHEDID Père
80%
Elie SEMOUN Patrick BRUEL Cousin
79%
Charlotte GAINSBOURG Jane BIRKIN Fille
79%
Ryan GOSLING Justin BIEBER Cousin
78%
Jane BIRKIN Lou DOILLON Mère
78%
Jean-Pierre CASSEL Cécile CASSEL Père
78%
Paul MCCARTNEY Stella MCCARTNEY Père
78%
Angelina JOLIE Jon VOIGHT Fille
77%
Chloé JOUANNET Alexandra LAMY Fille
77%
Julie DEPARDIEU Gérard DEPARDIEU Fille
77%
Marilou BERRY Josiane BALASKO Fille
77%
Arthur H Jacques HIGELIN Fils
77%
Joakim NOAH Yannick NOAH Fils
77%
Alfie ALLEN Lily ALLEN Frère
77%
Pascal LEGITIMUS Laurent VOULZY Cousin
76%
Guy RITCHIE Kate MIDDLETON Cousin
75%
Michel BERGER Michèle LAROQUE Cousin
75%
Ralph FIENNES Charles III d'Angleterre Cousin
75%
Eva GREEN Marlène JOBERT Fille
75%
Carlos Françoise DOLTO Fils
75%
Claude BRASSEUR Pierre BRASSEUR Fils
75%
Guillaume DEPARDIEU Gérard DEPARDIEU Fils
75%
Vincent CASSEL Jean-Pierre CASSEL Fils
75%
Dakota JOHNSON Mélanie GRIFFITH Fille
74%
Marie TRINTIGNANT Jean-Louis TRINTIGNANT Fille
74%
Anny DUPEREY Sara GIRAUDEAU Fille
73%
Julia PLATON Charlotte de TURCKHEIM Fille
73%
Marius COLUCCI Coluche Fils
73%
Gisèle CASADESUS Jean-Claude CASADESUS Mère
72%
Kate HUDSON Goldie HAWN Mère
71%
Julien BENCHETRIT Marie TRINTIGNANT Fils
70%
Sacha GUITRY Lucien GUITRY Fils
70%
Sagamore STEVENIN Jean-François STEVENIN Fils
70%
Julia ROBERTS Emma ROBERTS Tante
68%
Alexandra LAMY François LAMY Cousine
67%
Eva GREEN Elsa Cousine
67%
Larusso Arthur Cousine
66%
Maurice TRINTIGNANT Jean-Louis TRINTIGNANT Oncle
65%
Françoise SEIGNER Mathilde SEIGNER Tante
64%
Brooke SHIELDS Glenn CLOSE Cousine
63%
Chantal GOYA Philippe LAVIL Cousine
63%
Jenny MCCARTHY Melissa MCCARTHY Cousine
62%
Dominique VOYNET Jean-Pierre CHEVENEMENT Cousine
61%
Nicolas CAGE Francis FORD COPPOLA Neveu
52%
Céline DION Olivier DION Aucun
40%
Mathilde SEIGNER Louis SEIGNER Petite-fille
39%
Carole BOUQUET Michel BOUQUET Aucun
37%
Frédéric MICHALAK Christophe MICHALAK Aucun
37%
Lara FABIAN Françoise FABIAN Aucun
37%
Caroline ANGLADE Jean-Hugues ANGLADE Aucun
35%
Michèle BERNIER Mélanie BERNIER Aucun
35%
David GUETTA Bernard GUETTA Demi-frère
34%
Cécile CASSEL Vincent CASSEL Demi-soeur
34%
Steven SPIELBERG Jessica CAPSHAW Beau-père
30%
Emily BLUNT Stanley TUCCI Belle-soeur
30%
Jake GYLLENHAAL Peter SARSGAARD Beau-frère
28%
Luc BESSON Vincent PEREZ Beau-frère
28%
Aucun quiz correspondant
Distribution des résultats
% des personnes avec chaque résultat
Percentile par nombre de réponses
Votre historique - résultats
Vous n’avez pas pris ce quiz